000 00670nam a2200289Ia 4500
005 20260401125852.0
008 008 300114s9999 xx 000 0 eng d
020 _a9789352862979
037 _aEBOOK
040 _aCRL
040 _beng
040 _cCRL
041 _2eng
041 _aeng
084 _qCRL
100 _aAbel / Bernanke / Croushore
_91233919
245 0 _aMacroeconomics, 8e
250 _a8
260 _bPearson
260 _c2013
365 _b79310
650 _aFMS
856 _uhttps://admin.elibrary.in.pearson.com/api/1.0/org/24122025/launchlibrary
942 _cEBOOK
999 _c1847758
_d1847758